Statistics for Name the capital to country

Click here to take the quiz!

General Stats

  • This quiz has been taken 38 times
  • The average score is 14 of 15

Answer Stats

CountryCapital% Correct
IndiaNew Delhi
100%
FranceParis
100%
GermanyBerlin
96%
PakistanIslamabad
96%
PeruLima
96%
United KingdomLondon
96%
SpainMadrid
96%
RussiaMoscow
96%
NorwayOslo
96%
MoroccoRabat
96%
IranTehran
96%
TunisiaTunis
96%
United StatesWashington DC
96%
BoliviaLa Paz
92%
OmanMuscat
73%

Score Distribution

Percentile by Number Answered

Percent of People with Each Score

Your Score History

You have not taken this quiz